[Event "WchT Seniors 50"]
[Site "Prague"]
[Date "2025.02.26"]
[Round "9.3"]
[White "Mitchell, Martin"]
[Black "Nordenbaek, Jan"]
[Result "1/2-1/2"]
[WhiteElo "2143"]
[BlackElo "2192"]
[PlyCount "39"]
[EventDate "2025.02.17"]
[EventType "team-swiss"]
[EventRounds "9"]
[EventCountry "CZE"]
[SourceTitle "CB09_2025"]
[SourceDate "2025.02.27"]
[SourceVersion "1"]
[SourceVersionDate "2025.02.27"]
[SourceQuality "1"]
[WhiteTeam "Scotland 50 II"]
[BlackTeam "Denmark (50)"]
[WhiteTeamCountry "SCO"]
[BlackTeamCountry "DEN"]

1. d4 d5 2. c4 e6 3. Nc3 Bb4 4. cxd5 exd5 5. Bf4 Nf6 6. e3 0-0 7. Bd3 c5 8. dxc5 Nc6 9. Bd6 Re8 10. a3 Bxc3+ 11. bxc3 Bg4 12. Qc2 Ne4 13. Bf4 Bh5 14. Ne2 Bg6 15. 0-0 Nxc5 16. Bxg6 hxg6 17. c4 d4 18. exd4 Nxd4 19. Nxd4 Qxd4 20. Be3 1/2-1/2

[Event "WchT Seniors 50"]
[Site "Prague"]
[Date "2025.02.23"]
[Round "6.3"]
[White "Mitchell, Martin"]
[Black "Roobol, Martin"]
[Result "1/2-1/2"]
[WhiteElo "2143"]
[BlackElo "2242"]
[PlyCount "161"]
[EventDate "2025.02.17"]
[EventType "team-swiss"]
[EventRounds "9"]
[EventCountry "CZE"]
[SourceTitle "CB09_2025"]
[SourceDate "2025.02.27"]
[SourceVersion "1"]
[SourceVersionDate "2025.02.27"]
[SourceQuality "1"]
[WhiteTeam "Scotland 50 II"]
[BlackTeam "Leiden SG 50"]
[WhiteTeamCountry "SCO"]
[BlackTeamCountry "NED"]

1. d4 Nf6 2. c4 g6 3. Nc3 Bg7 4. e4 d6 5. Be2 0-0 6. Be3 e5 7. d5 Na6 8. h4 Nc5 9. Qc2 c6 10. h5 cxd5 11. cxd5 Qa5 12. h6 Bh8 13. f3 Nh5 14. Rb1 Ng3 15. b4 Qd8 16. bxc5 Nxh1 17. c6 b6 18. a4 f5 19. a5 bxa5 20. Nb5 fxe4 21. fxe4 Ng3 22. Nxd6 Qxd6 23. Bc5 Qf6 24. Bxf8 Nxe2 25. Nxe2 Qxf8 26. Qc4 Qd6 27. Nc3 a6 28. Na4 Bf6 29. c7 Bh4+ 30. Kd2 Bf2 31. Qc6 Qxc6 32. dxc6 Ra7 33. Nc3 Rxc7 34. Nd5 Rf7 35. Rb8 Rf8 36. Ne7+ Kf7 37. Rxc8 Rxc8 38. Nxc8 Ke6 39. c7 Kd7 40. Ne7 Kxc7 41. Nxg6 Bg3 42. Nf8 Bf4+ 43. Kd3 Bxh6 44. Nxh7 Kd6 45. Nf6 Bg5 46. Nd5 Bd8 47. Kc4 Ke6 48. Nc3 Kf6 49. Ne2 Bb6 50. Nc3 Bd4 51. Ne2 Bf2 52. Nc3 Be1 53. Na4 Bf2 54. Nc3 Ke6 55. Nd5 Kd6 56. Nc3 Be1 57. Na4 Bb4 58. Nb2 Bc5 59. Kb3 Bd4 60. Nc4+ Kc5 61. Nxa5 Bf2 62. Nb7+ Kd4 63. Nd6 Kd3 64. Kb4 Be1+ 65. Ka4 Ke3 66. Kb3 a5 67. Ka4 Bb4 68. Nf7 Kxe4 69. Kb3 Kf5 70. g4+ Kf6 71. Nd8 e4 72. Nc6 e3 73. Nd4 Kg5 74. Kc2 a4 75. Kd3 Bd2 76. Nf3+ Kxg4 77. Nxd2 Kf4 78. Nf1 e2 79. Kxe2 a3 80. Ne3 a2 81. Nc2 1/2-1/2

[Event "Blackpool op 48th"]
[Site "Blackpool"]
[Date "2025.02.08"]
[Round "3"]
[White "Bahtiyorova, Nodirabegim"]
[Black "Mitchell, Martin"]
[Result "0-1"]
[WhiteElo "1725"]
[BlackElo "2143"]
[PlyCount "100"]
[EventDate "2025.02.07"]
[EventType "swiss"]
[EventRounds "5"]
[EventCountry "ENG"]
[SourceTitle "CB07_2025"]
[SourceDate "2025.02.12"]
[SourceVersion "1"]
[SourceVersionDate "2025.02.12"]
[SourceQuality "1"]

1. e4 d6 2. d4 Nf6 3. Nc3 g6 4. f4 Bg7 5. Nf3 c5 6. dxc5 Qa5 7. Qd3 Qxc5 8. Be3 Qa5 9. Qb5+ Qxb5 10. Bxb5+ Nc6 11. e5 dxe5 12. fxe5 Ng4 13. Nd5 Nxe3 14. Nxe3 Bd7 15. Nd5 Rc8 16. Bxc6 Bxc6 17. 0-0-0 e6 18. Nf6+ Ke7 19. Rhf1 Bxf6 20. exf6+ Kxf6 21. Nd4+ Ke7 22. Nxc6+ Rxc6 23. Rd2 f5 24. Rfd1 Rc7 25. c3 Re8 26. Kc2 e5 27. Rd6 Kf7 28. Kd3 Re6 29. Rd8 Rcc6 30. Ke3 Re7 31. Rh8 Kg7 32. Rhd8 Rb6 33. R1d2 e4 34. g3 Kf6 35. b3 Rc6 36. c4 Kg5 37. h3 h5 38. R8d5 Kf6 39. h4 a6 40. a3 Ke6 41. Kf4 b5 42. c5 a5 43. b4 axb4 44. axb4 Ra7 45. Rd6+ Rxd6 46. Rxd6+ Kf7 47. c6 Ra3 48. Rd5 Rc3 49. Rxb5 Kf6 50. Rxf5+ gxf5 0-1

[Event "BCF-ch"]
[Site "Hull"]
[Date "2024.08.04"]
[Round "9"]
[White "Mitchell, Martin"]
[Black "Beaumont, Chris"]
[Result "1/2-1/2"]
[WhiteElo "2159"]
[BlackElo "2198"]
[PlyCount "85"]
[EventDate "2024.07.27"]
[EventType "swiss"]
[EventRounds "9"]
[EventCountry "ENG"]
[SourceTitle "CBM 221 Extra"]
[Source "ChessBase"]
[SourceDate "2024.09.30"]
[SourceVersion "1"]
[SourceVersionDate "2024.09.30"]
[SourceQuality "1"]

1. d4 Nf6 2. c4 g6 3. Nc3 Bg7 4. e4 d6 5. Be2 0-0 6. Be3 e5 7. d5 Na6 8. h4 Nc5 9. Qc2 a5 10. h5 c6 11. h6 Bh8 12. Bxc5 dxc5 13. Rd1 cxd5 14. cxd5 b6 15. Nf3 Ne8 16. Nd2 Nd6 17. Nc4 Bf6 18. Nxd6 Qxd6 19. Bb5 Bb7 20. Bc4 Bg5 21. Nb5 Qf6 22. 0-0 Rad8 23. Rd3 Bxh6 24. Rfd1 Rd7 25. a4 Rfd8 26. Na3 Bf8 27. Bb5 Rd6 28. Nc4 Qe7 29. Qb3 Bg7 30. Bc6 Ba6 31. Nxd6 Qxd6 32. Bb5 Bc8 33. Bc6 Ba6 34. Rc3 Rb8 35. Bb5 Bc8 36. Be2 Bd7 37. Qc2 h5 38. b3 Bh6 39. Bc4 Rf8 40. Qe2 h4 41. Bb5 Bc8 42. Ba6 Bd7 43. Bb5 1/2-1/2

[Event "BCF-ch"]
[Site "Hull"]
[Date "2024.08.03"]
[Round "8"]
[White "Verma, Shlok"]
[Black "Mitchell, Martin"]
[Result "1-0"]
[WhiteElo "2102"]
[BlackElo "2159"]
[PlyCount "103"]
[EventDate "2024.07.27"]
[EventType "swiss"]
[EventRounds "9"]
[EventCountry "ENG"]
[SourceTitle "CBM 221 Extra"]
[Source "ChessBase"]
[SourceDate "2024.09.30"]
[SourceVersion "1"]
[SourceVersionDate "2024.09.30"]
[SourceQuality "1"]

1. d4 Nf6 2. c4 e6 3. Nf3 c5 4. d5 exd5 5. cxd5 d6 6. Nc3 g6 7. Bf4 Bg7 8. h3 0-0 9. e3 Re8 10. Bd3 Na6 11. Bxa6 bxa6 12. Rc1 Rb8 13. b3 c4 14. bxc4 Nh5 15. Bh2 Bxc3+ 16. Rxc3 Qa5 17. Qc1 Rb1 18. Qxb1 Qxc3+ 19. Nd2 Bf5 20. Qb3 Qa1+ 21. Qd1 Qxa2 22. g4 Bc2 23. Qc1 Nf6 24. Bxd6 Ne4 25. Qa3 Bb3 26. Qxa2 Bxa2 27. Nxe4 Rxe4 28. 0-0 Bxc4 29. Rd1 Bb5 30. Bc7 Kf8 31. Bb8 Ke7 32. Bxa7 Kd7 33. f3 Rc4 34. Kf2 a5 35. Rb1 Ba6 36. Rb6 Bc8 37. Rb5 a4 38. Ra5 Bb7 39. e4 f5 40. Ke3 fxe4 41. fxe4 Rc3+ 42. Kf4 a3 43. h4 Rc4 44. Ke5 Rc3 45. Ra4 Rh3 46. g5 Rxh4 47. Be3 Rh5 48. Rxa3 h6 49. Ra7 Kc8 50. d6 hxg5 51. d7+ Kxd7 52. Rxb7+ 1-0

[Event "WchT Seniors 50"]
[Site "Krakow"]
[Date "2024.07.09"]
[Round "7.1"]
[White "Mitchell, Martin"]
[Black "Westphal, Wolfgang"]
[Result "1-0"]
[WhiteElo "2159"]
[BlackElo "2172"]
[PlyCount "97"]
[EventDate "2024.07.02"]
[EventType "team-swiss"]
[EventRounds "9"]
[EventCountry "POL"]
[SourceTitle "CBM 221 Extra"]
[Source "ChessBase"]
[SourceDate "2024.09.30"]
[SourceVersion "1"]
[SourceVersionDate "2024.09.30"]
[SourceQuality "1"]
[WhiteTeam "Scotland 50"]
[BlackTeam "Germany Graal 50"]
[WhiteTeamCountry "SCO"]
[BlackTeamCountry "GER"]

1. d4 g6 2. c4 Bg7 3. Nc3 d6 4. e4 Nc6 5. Be3 e5 6. d5 Nce7 7. h4 f5 8. h5 f4 9. Bd2 g5 10. b4 Nf6 11. Rc1 0-0 12. c5 Bg4 13. Be2 Bxe2 14. Ngxe2 c6 15. dxc6 bxc6 16. cxd6 Qxd6 17. Qb3+ Rf7 18. Rd1 Qc7 19. Bc1 Re8 20. a4 Qc8 21. f3 g4 22. h6 Bh8 23. Rd6 Rd8 24. Qd1 Rxd6 25. Qxd6 Ne8 26. Qd3 Qe6 27. b5 cxb5 28. axb5 Ng6 29. Nd5 Rd7 30. Qc4 Qf7 31. Nec3 Nf8 32. Rh4 gxf3 33. Rg4+ Ng6 34. gxf3 Rc7 35. Qa2 Rd7 36. Ba3 Bf6 37. Bc5 Kh8 38. Qa6 Bd8 39. Qc6 Nc7 40. Ke2 Ne6 41. Qc8 Nxc5 42. Qxc5 Bb6 43. Nxb6 axb6 44. Qc8+ Nf8 45. Rg7 Rd2+ 46. Ke1 Qf6 47. Qg4 Qe6 48. Kxd2 Qb3 49. Rxh7+ 1-0

[Event "EU-chT Seniors 50"]
[Site "Terme Catez"]
[Date "2024.05.15"]
[Round "9.1"]
[White "Sielecki, Christof"]
[Black "Mitchell, Martin"]
[Result "1-0"]
[WhiteElo "2403"]
[BlackElo "2142"]
[PlyCount "63"]
[EventDate "2024.05.07"]
[EventType "team-swiss"]
[EventRounds "9"]
[EventCountry "SLO"]
[SourceTitle "CBM 220 Extra"]
[Source "ChessBase"]
[SourceDate "2024.07.31"]
[SourceVersion "1"]
[SourceVersionDate "2024.07.31"]
[SourceQuality "1"]
[WhiteTeam "Germany Dinslaken 50"]
[BlackTeam "Scotland 50"]
[WhiteTeamCountry "GER"]
[BlackTeamCountry "SCO"]

1. e4 d6 2. d4 Nf6 3. Nc3 g6 4. Be3 c6 5. h3 Nbd7 6. f4 b5 7. a3 Nb6 8. Bd3 Bg7 9. Nf3 Bb7 10. 0-0 Qc7 11. Qe1 a6 12. Rd1 c5 13. dxc5 dxc5 14. Qf2 Nfd7 15. e5 c4 16. Be4 Bxe4 17. Nxe4 0-0 18. Qh4 Qc6 19. Ng3 e6 20. Rd6 Qc7 21. Rfd1 Nc5 22. Rxb6 Qxb6 23. Ne4 Rfd8 24. Rxd8+ Qxd8 25. Bxc5 Qxh4 26. Nxh4 Rd8 27. Bd6 Bf8 28. Nf3 f5 29. Nf6+ Kg7 30. Ng5 Rxd6 31. Ne8+ Kg8 32. Nxd6 1-0

[Event "EU-chT Seniors 50"]
[Site "Terme Catez"]
[Date "2024.05.11"]
[Round "5.1"]
[White "Mitchell, Martin"]
[Black "Ostergaard, Jens"]
[Result "1-0"]
[WhiteElo "2143"]
[BlackElo "2264"]
[PlyCount "73"]
[EventDate "2024.05.07"]
[EventType "team-swiss"]
[EventRounds "9"]
[EventCountry "SLO"]
[SourceTitle "CBM 220 Extra"]
[Source "ChessBase"]
[SourceDate "2024.07.31"]
[SourceVersion "1"]
[SourceVersionDate "2024.07.31"]
[SourceQuality "1"]
[WhiteTeam "Scotland 50"]
[BlackTeam "Denmark"]
[WhiteTeamCountry "SCO"]
[BlackTeamCountry "DEN"]

1. d4 Nf6 2. c4 g6 3. Nc3 Bg7 4. e4 d6 5. Be2 0-0 6. Be3 e5 7. d5 a5 8. g4 Na6 9. g5 Ne8 10. h4 f5 11. gxf6 Nxf6 12. h5 Qe8 13. h6 Bh8 14. Nh3 b6 15. Ng5 Nc5 16. Rb1 Qe7 17. b3 Ne8 18. Kd2 Rf4 19. Qg1 Bf6 20. Ne6 Bxe6 21. dxe6 c6 22. Bg4 Nc7 23. f3 N7xe6 24. Ne2 Bh8 25. Bxf4 exf4 26. Bxe6+ Qxe6 27. Kc2 Nxe4 28. Nxf4 Qf7 29. Nxg6 hxg6 30. h7+ Kf8 31. fxe4 Qe6 32. Rf1+ Ke7 33. Qg5+ Kd7 34. Qf4 Re8 35. Qf7+ Qe7 36. Qxe7+ Kxe7 37. Rhg1 1-0